Detalles MARC
| 000 -CABECERA |
| campo de control de longitud fija |
01265nam a2200241 i 4500 |
| 001 - NÚMERO DE CONTROL |
| campo de control |
18283 |
| 003 - IDENTIFICADOR DEL NÚMERO DE CONTROL |
| campo de control |
DO-SdUEMH |
| 005 - FECHA Y HORA DE LA ÚLTIMA TRANSACCIÓN |
| campo de control |
20260106134200.0 |
| 007 - CAMPO FIJO DE DESCRIPCIÓN FÍSICA--INFORMACIÓN GENERAL |
| campo de control de longitud fija |
ta |
| 008 - DATOS DE LONGITUD FIJA--INFORMACIÓN GENERAL |
| campo de control de longitud fija |
260103b1982 dr |||gr|||| 10| 0 spa d |
| 040 ## - FUENTE DE LA CATALOGACIÓN |
| Centro catalogador/agencia de origen |
DO-SdUEMH |
| Lengua de catalogación |
spa |
| Normas de descripción |
rda |
| 041 ## - CÓDIGO DE LENGUA |
| Código de lengua del texto/banda sonora o título independiente |
spa |
| 082 14 - NÚMERO DE LA CLASIFICACIÓN DECIMAL DEWEY |
| Colección |
Colección Dominicana |
| Número de documento/Ítem |
E56p |
| 245 10 - MENCIÓN DE TÍTULO |
| Título |
Los problemas del sector rural en la República Dominicana / |
| Mención de responsabilidad, etc. |
Samuel Encarnación, Joaquín Nolasco, Guillermo Bendezú Alvarado Rafael Herrera, Carlos Dore Cabral, Manuel de Js. Viñas Cáceres |
| 264 01 - PRODUCCIÓN, PUBLICACIÓN, DISTRIBUCIÓN, FABRICACIÓN Y COPYRIGHT |
| Lugar de producción, publicación, distribución, fabricación |
Santo Domingo, República Dominicana : |
| Nombre del de productor, editor, distribuidor, fabricante |
Forum, |
| Fecha de producción, publicación, distribución, fabricación o copyright |
1982 |
| 300 ## - DESCRIPCIÓN FÍSICA |
| Extensión |
233 paginas ; |
| Dimensiones |
22 cm. |
| 336 ## - TIPO DE CONTENIDO |
| Fuente |
rdacontent |
| Término de tipo de contenido |
texto |
| Código de tipo de contenido |
txt |
| 337 ## - TIPO DE MEDIO |
| Fuente |
rdamedia |
| Nombre del tipo de medio |
sin mediación |
| Código del tipo de medio |
n |
| 338 ## - TIPO DE SOPORTE |
| Fuente |
rdacarrier |
| Nombre del tipo de soporte |
volumen |
| Código del tipo de soporte |
nc |
| 490 ## - MENCIÓN DE SERIE |
| Mención de serie |
Forum ; |
| Designación de volumen o secuencia |
3 |
| 505 0# - NOTA DE CONTENIDO CON FORMATO |
| Nota de contenido con formato |
Presentación -- Introducción -- La producción de alimentos y las posibilidades de abastecimiento de la agricultura dominicana -- La comercialización agrícola en la República Dominicana -- La realidad campesina dominicana y sus posibilidades de desarrollo -- Ideas y opiniones sobre la reforma agraria -- Posibilidades y límites de la reforma agraria en la República Dominicana -- El uso de los recursos naturales en la formulación de una política agropecuaria -- Debate. |
| 942 ## - ELEMENTOS DE PUNTO DE ACCESO ADICIONAL (KOHA) |
| Fuente del sistema de clasificación o colocación |
Dewey Decimal Classification |
| Suprimir en OPAC |
No |
| Tipo de ítem Koha |
Libro |